000 00737cam a2200205 a 4500
020 _a9780312594565 (sprialbound; 2009 MLA update)
020 _a0312594569 (spiralbound; 2009 MLA update)
050 0 0 _aPE1408
_b.L86 2009
100 1 _aLunsford, Andrea A.,
_d1942-
245 1 4 _aThe everyday writer /
_cAndrea A. Lunsford ; a section for multilingual writers with Paul Kei Matsuda, Christine M. Tardy.
250 _a4th ed.
260 _aBoston :
_bBedford/St. Martins,
_cc2009.
300 _axviii, 595 p. :
650 0 _xRhetoric
_vHandbooks, manuals, etc.
650 0 _xGrammar
_vHandbooks, manuals, etc.
650 0 _vHandbooks, manuals, etc.
700 1 _aMatsuda, Paul Kei.
700 1 _aTardy, Christine M.
942 _2lcc
_cGEN
999 _c9290
_d9290